| 000 -LEADER |
| fixed length control field |
00593nam a22001217a 4500 |
| 040 ## - CATALOGING SOURCE |
| Transcribing agency |
RUA |
| 082 ## - DEWEY DECIMAL CLASSIFICATION NUMBER |
| Classification number |
AVM POK 2025 B705 Or.1 |
| 100 ## - MAIN ENTRY--AUTHOR NAME |
| Personal name |
POK THEARY, ពក ធារី |
| 245 ## - TITLE STATEMENT |
| Title |
Case of salmonella spp. on pork at the market, in ballang commune, baray district, kampong thom province, ករណី Salmonella spp. លើសាច់ជ្រូកនៅទីផ្សារក្នុង ឃុំបល្ល័ង្ក ស្រុកបារាយណ៍ ខេត្តកំពង់ធំ |
| 260 ## - PUBLICATION, DISTRIBUTION, ETC. (IMPRINT) |
| Place of publication |
PHNOM PENH |
| Name of publisher |
RUA |
| Year of publication |
2025 |
| 300 ## - PHYSICAL DESCRIPTION |
| Number of Pages |
xi,54p. |
| Other physical details |
ill. |
| Dimensions |
29cm. |
| 942 ## - ADDED ENTRY ELEMENTS (KOHA) |
| Koha item type |
AVM |
| 952 ## - LOCATION AND ITEM INFORMATION (KOHA) |
| Withdrawn status [LOCAL, KOHA] |
0 |
| 952 ## - LOCATION AND ITEM INFORMATION (KOHA) |
| Withdrawn status [LOCAL, KOHA] |
0 |